[Event "FRA-chT3 Gr8 0102"]
[Site "France"]
[Date "2002.01.20"]
[Round "5"]
[White "Lamerant, Olivier"]
[Black "Koitka, Johan"]
[Result "0-1"]
[WhiteElo "2030"]
[BlackElo "1940"]
[PlyCount "80"]
[EventDate "2001.10.??"]
[EventType "team"]
[EventRounds "9"]
[EventCountry "FRA"]
[SourceTitle "EXT 2005"]
[Source "ChessBase"]
[SourceDate "2004.11.15"]
[SourceVersion "1"]
[SourceVersionDate "2004.11.15"]
[SourceQuality "1"]

1. e4 c5 2. Nf3 d6 3. d4 cxd4 4. Nxd4 Nf6 5. Nc3 a6 6. Be2 e6 7. a4 Be7 8. 0-0 0-0 9. Be3 Nc6 10. f4 Re8 11. Bf3 d5 12. exd5 exd5 13. Bf2 Bc5 14. Nb3 Bxf2+ 15. Rxf2 Ne7 16. Rd2 Qc7 17. g3 Bf5 18. Re2 Rad8 19. Nd4 Qc5 20. Kg2 Be4 21. Qd2 Nc6 22. Rd1 Bxf3+ 23. Kxf3 Ne4 24. Qd3 Nb4 25. Nb3 Nxd3 26. Nxc5 Ndxc5 27. Nxd5 f5 28. g4 fxg4+ 29. Kg2 Nf6 30. Red2 Rxd5 31. Rxd5 Nxd5 32. Rxd5 Nxa4 33. Kg3 Nxb2 34. Kxg4 Nc4 35. Rc5 b5 36. Rc7 Ra8 37. Rb7 Ne3+ 38. Kf3 Nxc2 39. Ke2 Nd4+ 40. Kd3 Ne6 0-1